000 00636nam a22002057a 4500
010 _a940709
035 _a940709
037 _bCen Lib / Ret
040 _aDPL
_bEN
082 _a954.02
_bVAJ
100 _aVaidya, C. V.
245 _aHistory of mediaeval Hindu India /
_cby C. V. Vaidya
260 _aNew Delhi
_bCosmo Publications
_c1979
270 _a24B, Ansari Road, Daryaganj
_bNew Delhi
_e110002
300 _av 2. 354p
_b24cm(hb)
505 _av 2. Hindu Supremacy
650 _a India -- History -- 324 B.C.-1000 A.D.
650 _a India -- History -- 1000-1526.
942 _2ddc
_cEN
_h954.02
_mVAJ
999 _c136774
_d136774